Представление документа в формате RUSMARC

ПолеНазваниеЗначение
  Тип записи a
  Библиографический уровень a
001 Контрольный номер RU/IS/BASE/541699766
005 Дата корректировки 20240207192938.8
100 Данные общей обработки __
a Данные общей обработки 20170301d2017 ||| 0rusy0189 ca
101 Язык документа 0_
a Язык текста rus
102 Страна публикации __
a Страна публикации RU
105 Кодированные данные (монография) __
a Кодированные данные (монография) y###||||000|y
200 Заглавие и сведения об ответственности 1_
a Заглавие Карты, деньги, два значка
b Общее обозначение материала Текст
e Сведения, относящиеся к заглавию [можно ли разбогатеть, увлекаясь коллекционированием]
f Первые сведения об ответственности Наталья Соколова
461 Уровень набора _0
1 2001
a Российская газета. Неделя
463 Уровень физической единицы _0
1 2001
a 16 февр. (№ 35)
v С. 32 : ил.
1 210
d 2017
606 Тематические рубрики 0_
a Основная рубрика Коллекционирование
610 Ключевые слова 0_
a Ключевые слова коллекции
a Ключевые слова коллекционирование
a Ключевые слова коллекционеры
a Ключевые слова российские коллекционеры
686 Индексы других классификаций __
a Классификационный индекс 79.18
2 Код системы rubbk
700 Автор _1
a Фамилия Соколова
b Имя (инициалы) Н.
g Полное личное имя Наталья
801 Источник записи _0
a Страна RU
b Организация Ульяновская ОБДЮ
c Дата составления 20170301
g Правила каталогизации RCR
801 Источник записи _1
a Страна RU
b Организация Ульяновская ОБДЮ
c Дата составления 20170301
g Правила каталогизации RCR
901 Тип документа __
t Тип документа b
910 Корректоры записи __
a Корректор записи Бондаренко В.А.
919 __
a Бондаренко В.А.
938 Служебная информация __
a Имя БД BibStat
b Имя библиотеки ОБДЮ